000 00766nam a2200217 a 4500
001 000027337
005 20200930030749.0
008 110331s1953 dr r 000 0 spa d
040 _aDO-SdBNP
_bspa
_cBNPHU
082 _a321
_bA973g
100 1 _aAybar Mella, Salvador
_925133
245 1 0 _aGénesis y evolución del Estado Dominicano /
_cSalvador Aybar Mella.
260 _aSanto Domingo :
_bPol Hermano,
_c1953.
300 _a93 p. ;
_c23 cm.
500 _aIncluye referencias bibliográficas y notas al pie de las páginas
504 _aBibliografía : p. 95
590 _aInventariado, 2019/MFF
650 4 _aEstado
_zRepública Dominicana
_933019
650 4 _aFormas de gobierno
_zRepública Dominicana
_954415
910 _aValidado. Control de calidad. MFF
999 _c26829
_d26829